Central Library OPAC University of Rajshahi

আমার যতো গান / (Record no. 79656)

MARC details
000 -LEADER
fixed length control field 00708nam a2200217 a 4500
001 - CONTROL NUMBER
control field 79656
003 - CONTROL NUMBER IDENTIFIER
rucl marc code BD-RjUL
005 - DATE AND TIME OF LATEST TRANSACTION
control field 20220404105857.0
008 - FIXED-LENGTH DATA ELEMENTS--GENERAL INFORMATION
fixed length control field 220404s1979 bg ||||| |||| 00| 0 ben d
035 ## - SYSTEM CONTROL NUMBER
System control number (BD-RjUL)79656
040 ## - CATALOGING SOURCE
Original cataloging agency BD-RjUL
Language of cataloging eng
Transcribing agency BD-RjUL
041 ## - LANGUAGE CODE
Language code of text/sound track or separate title ben
082 ## - DEWEY DECIMAL CLASSIFICATION NUMBER
Edition number 23
Classification number 891.441008
Author mark and year JAA 1979
100 ## - MAIN ENTRY--PERSONAL NAME
Personal name জামাল, জেব-উন-নেসা
9 (RLIN) 2230
245 ## - TITLE STATEMENT
Title আমার যতো গান /
Statement of responsibility, etc. জেব-উন-নেসা জামাল
260 ## - PUBLICATION, DISTRIBUTION, ETC. (IMPRINT)
Place of publication, distribution, etc. ঢাকা :
Name of publisher, distributor, etc. লুবনা ইয়াসমীন,
Date of publication, distribution, etc. ১৯৭৯
300 ## - PHYSICAL DESCRIPTION
Pagination ৭২ পৃ.;
Size ২১ সেমি.
650 ## - SUBJECT ADDED ENTRY--TOPICAL TERM
Topical term or geographic name as entry element Bengali poetry
Topical term or geographic name as entry element Songs, Bengali
9 (RLIN) 1064
942 ## - ADDED ENTRY ELEMENTS (KOHA)
Source of classification or shelving scheme Dewey Decimal Classification
Koha item type Books
Holdings
Lost status Source of classification or shelving scheme Damaged status Not for loan Collection code Permanent Location Current Location Shelving location Date acquired Source of acquisition Cost, normal purchase price Total Checkouts Full call number Date last seen Copy number Koha item type
  Dewey Decimal Classification   Not For Loan Non-fiction Central Library, University of Rajshahi Central Library, University of Rajshahi Reading Room 12/06/1990 shukat osman 8.00   B 891.441008 JAA 1979 04/04/2022 C-1 Books